[Event "Tenerife-chT Segunda-A 1819"]
[Site "Tenerife"]
[Date "2019.01.19"]
[Round "5.2"]
[White "Marin Dorta, Alejandro"]
[Black "Afonso Carrillo, Ivan Alejandro"]
[Result "1-0"]
[WhiteElo "1551"]
[BlackElo "1393"]
[PlyCount "57"]
[EventDate "2018.11.24"]
[EventType "team-tourn"]
[EventRounds "14"]
[EventCountry "ESP"]
[SourceTitle "CBM 189 Extra"]
[Source "ChessBase"]
[SourceDate "2019.06.03"]
[SourceVersion "1"]
[SourceVersionDate "2019.06.03"]
[SourceQuality "1"]
[WhiteTeam "Ebano Barrio Nuevo II"]
[BlackTeam "Al Shah Mat Los Realejos"]
[WhiteTeamCountry "ESP"]
[BlackTeamCountry "ESP"]

1. e4 e6 2. d4 d5 3. Nc3 Bb4 4. Nge2 Ne7 5. a3 Bxc3+ 6. Nxc3 dxe4 7. Nxe4 b6 8. g3 Bb7 9. Bg2 0-0 10. Nf6+ gxf6 11. Bxb7 Nd7 12. Bxa8 Qxa8 13. 0-0 c5 14. dxc5 Nxc5 15. Bh6 Rd8 16. Qg4+ Ng6 17. h4 Qe4 18. Qxe4 Nxe4 19. Rad1 Rc8 20. Rd4 f5 21. Rfd1 f6 22. Rd8+ Rxd8 23. Rxd8+ Kf7 24. Rd7+ Ne7 25. Rxa7 Nd6 26. b3 Ndc8 27. Rb7 Kg6 28. Be3 Nd5 29. Rb8 1-0

[Event "Tenerife-chT3 1718"]
[Site "Tenerife"]
[Date "2017.11.11"]
[Round "1.1"]
[White "De Castro de Leon, Jorge"]
[Black "Afonso Carrillo, Ivan Alejandro"]
[Result "1-0"]
[WhiteElo "1676"]
[BlackElo "1422"]
[PlyCount "59"]
[EventDate "2017.11.11"]
[EventType "team-tourn"]
[EventRounds "18"]
[EventCountry "ESP"]
[SourceTitle "EXT 2019"]
[Source "ChessBase"]
[SourceDate "2018.10.10"]
[SourceVersion "1"]
[SourceVersionDate "2018.10.10"]
[SourceQuality "1"]
[WhiteTeam "El Sauzal Gofio Plus"]
[BlackTeam "Al Shah Mat los Realejos IV"]
[WhiteTeamCountry "ESP"]
[BlackTeamCountry "ESP"]

1. e4 e6 2. d4 d5 3. Nc3 Bb4 4. e5 c5 5. Nf3 Bxc3+ 6. bxc3 Qa5 7. Qd2 c4 8. Bb2 Ne7 9. Qg5 Ng6 10. h4 h6 11. Qe3 Bd7 12. Be2 Nc6 13. 0-0 Nce7 14. g3 Nf5 15. Qd2 0-0 16. h5 Nh8 17. g4 Ne7 18. g5 Nf5 19. Kh1 hxg5 20. Qxg5 f6 21. Qg4 Ba4 22. h6 Nxh6 23. Qxe6+ Kh7 24. Rg1 Rae8 25. exf6 gxf6 26. Qd6 Bxc2 27. Bc1 Rg8 28. Bxh6 Rxg1+ 29. Rxg1 Qd8 30. Qh2 1-0

[Event "Tenerife-chT Segunda 1617"]
[Site "Tenerife"]
[Date "2017.04.29"]
[Round "13.4"]
[White "Hernandez Abreu, Victor"]
[Black "Afonso Carrillo, Ivan Alejandro"]
[Result "0-1"]
[WhiteElo "1529"]
[BlackElo "1381"]
[PlyCount "82"]
[EventDate "2016.12.10"]
[EventType "team-tourn"]
[EventRounds "15"]
[EventCountry "ESP"]
[SourceTitle "EXT 2018"]
[Source "ChessBase"]
[SourceDate "2017.10.13"]
[SourceVersion "1"]
[SourceVersionDate "2017.10.13"]
[SourceQuality "1"]
[WhiteTeam "Al Shah Mat Los Realejos IV"]
[BlackTeam "La Victoria 94 II"]
[WhiteTeamCountry "ESP"]
[BlackTeamCountry "ESP"]

1. d4 e6 2. a3 c5 3. Nf3 Nc6 4. e4 d5 5. Nc3 dxe4 6. Nxe4 cxd4 7. Bb5 Qa5+ 8. Nc3 dxc3 9. Bxc6+ bxc6 10. 0-0 Bb4 11. Nd4 Ne7 12. b3 Bb7 13. Bf4 Bxa3 14. Bd6 Qd5 15. Bxa3 c5 16. Nf3 Rc8 17. Bc1 a6 18. Be3 h6 19. Re1 Qc6 20. Ra5 Qb6 21. b4 Qxb4 22. Ra1 Nd5 23. Rb1 Nxe3 24. Rxe3 Bxf3 25. gxf3 Qd4 26. Rd3 Qf6 27. Rb6 0-0 28. Rxa6 Rfd8 29. Rad6 Rxd6 30. Rxd6 c4 31. Qe2 Qg5+ 32. Kh1 Ra8 33. Rd1 Qf4 34. Rg1 Ra5 35. Rg4 Ra1+ 36. Kg2 Qc1 37. Kg3 Qg1+ 38. Kf4 Qxh2+ 39. Ke3 Qe5+ 40. Re4 Qc5+ 41. Rd4 e5 0-1

[Event "Tenerife-chT Segunda 1617"]
[Site "Tenerife"]
[Date "2016.12.17"]
[Round "2.1"]
[White "Afonso Carrillo, Ivan Alejandro"]
[Black "Marin Dorta, Alejandro"]
[Result "1-0"]
[WhiteElo "1381"]
[BlackElo "1511"]
[PlyCount "53"]
[EventDate "2016.12.10"]
[EventType "team-tourn"]
[EventRounds "15"]
[EventCountry "ESP"]
[SourceTitle "CBM 176 Extra"]
[Source "ChessBase"]
[SourceDate "2017.03.02"]
[SourceVersion "1"]
[SourceVersionDate "2017.03.02"]
[SourceQuality "1"]
[WhiteTeam "La Victoria 94 II"]
[BlackTeam "Casa de Venezuela Ebano III"]
[WhiteTeamCountry "ESP"]
[BlackTeamCountry "ESP"]

1. e4 c5 2. Nf3 d6 3. c3 Nf6 4. Bd3 e6 5. 0-0 Be7 6. Bc2 0-0 7. d4 cxd4 8. cxd4 Qc7 9. e5 dxe5 10. dxe5 Rd8 11. Qe2 Ne8 12. Qe4 g6 13. Nc3 Nc6 14. Nb5 Qb6 15. a4 a6 16. Be3 Qa5 17. Nbd4 Nxd4 18. Nxd4 Ng7 19. g4 Qc7 20. Bh6 Rxd4 21. Qxd4 Qxc2 22. Rac1 Qb3 23. Rfd1 Qd5 24. Qb6 Qe4 25. Rd8+ Bf8 26. Rxf8+ Kxf8 27. Qd8# 1-0

[Event "Santa Cruz de Tenerife op"]
[Site "Santa Cruz de Tenerife"]
[Date "2016.08.23"]
[Round "7"]
[White "Afonso Carrillo, Ivan Alejandro"]
[Black "Darias Darias, Luis"]
[Result "0-1"]
[WhiteElo "1397"]
[BlackElo "1759"]
[PlyCount "28"]
[EventDate "2016.08.08"]
[EventType "swiss"]
[EventRounds "9"]
[EventCountry "ESP"]
[SourceTitle "CBM 174 Extra"]
[Source "ChessBase"]
[SourceDate "2016.10.10"]
[SourceVersion "1"]
[SourceVersionDate "2016.10.10"]
[SourceQuality "1"]

1. d4 d5 2. Bg5 Nf6 3. Nf3 Ne4 4. h4 f6 5. Bf4 c5 6. c4 cxd4 7. Bxb8 Rxb8 8. Qxd4 Qa5+ 9. Nfd2 e6 10. Qd3 Bb4 11. cxd5 exd5 12. f3 Ng3 13. Rh2 0-0 14. Kf2 Bd6 0-1

[Event "Santa Cruz de Tenerife op"]
[Site "Santa Cruz de Tenerife"]
[Date "2016.08.10"]
[Round "3"]
[White "Mamani Beltran, Deniman"]
[Black "Afonso Carrillo, Ivan Alejandro"]
[Result "0-1"]
[WhiteElo "1122"]
[BlackElo "1397"]
[PlyCount "86"]
[EventDate "2016.08.08"]
[EventType "swiss"]
[EventRounds "9"]
[EventCountry "ESP"]
[SourceTitle "CBM 174 Extra"]
[Source "ChessBase"]
[SourceDate "2016.10.10"]
[SourceVersion "1"]
[SourceVersionDate "2016.10.10"]
[SourceQuality "1"]

1. e4 d6 2. d4 Nf6 3. Nd2 g6 4. Bd3 Bg7 5. c3 0-0 6. Ngf3 Nbd7 7. Qc2 c5 8. 0-0 a6 9. e5 Nd5 10. Qb3 Nf4 11. Bc4 b5 12. Bxf7+ Rxf7 13. e6 Nxe6 14. Qxe6 Nf6 15. Qe2 Bb7 16. Re1 Nd5 17. Ne4 Qb6 18. dxc5 dxc5 19. Neg5 Rf6 20. Be3 h6 21. Ne4 Rc6 22. Qd3 Nxe3 23. Rxe3 c4 24. Qd5+ Kh7 25. Qf7 Rf8 26. Qxe7 Rc7 27. Qd6 Rc6 28. Qd2 Rd8 29. Qc2 Re8 30. a3 Kh8 31. Rae1 Rce6 32. Nfd2 Bf8 33. Nf1 Re5 34. b4 cxb3 35. Qb1 Bd5 36. Nfd2 Bxa3 37. Nxb3 Qc6 38. Qa1 Bxb3 39. Qxa3 Bc2 40. Qc5 Rxc5 41. Nxc5 Rxe3 42. Rxe3 Qxc5 43. Re8+ Kg7 0-1

[Event "Santa Cruz de Tenerife op"]
[Site "Santa Cruz de Tenerife"]
[Date "2016.08.09"]
[Round "2"]
[White "Afonso Carrillo, Ivan Alejandro"]
[Black "Oudeh Mishmesh, Omar"]
[Result "0-1"]
[WhiteElo "1397"]
[BlackElo "1104"]
[PlyCount "92"]
[EventDate "2016.08.08"]
[EventType "swiss"]
[EventRounds "9"]
[EventCountry "ESP"]
[SourceTitle "CBM 174 Extra"]
[Source "ChessBase"]
[SourceDate "2016.10.10"]
[SourceVersion "1"]
[SourceVersionDate "2016.10.10"]
[SourceQuality "1"]

1. Nf3 d5 2. d4 Bf5 3. Bf4 Nc6 4. Nbd2 e6 5. e3 Nf6 6. Bb5 Be7 7. Qe2 0-0 8. 0-0 Nb4 9. c3 Nc6 10. Nh4 Bg4 11. f3 Bh5 12. g4 Bg6 13. Nxg6 fxg6 14. c4 Nd7 15. Bxc6 bxc6 16. Bg3 Bh4 17. Qg2 Bxg3 18. Qxg3 Qg5 19. f4 Qe7 20. Rac1 Qb4 21. Rc2 Rac8 22. Qg2 Nb6 23. g5 c5 24. cxd5 cxd4 25. Qe4 exd5 26. Qxd4 Qxd4 27. exd4 Nd7 28. Kg2 c5 29. Nf3 cxd4 30. Nxd4 Rxc2+ 31. Nxc2 Rf5 32. Kg3 Nc5 33. Rd1 Ne4+ 34. Kf3 Nxg5+ 35. Ke3 Ne6 36. Nd4 Nxd4 37. Rxd4 Kf7 38. b4 g5 39. a4 gxf4+ 40. Rxf4 Rxf4 41. Kxf4 Ke6 42. b5 Kd6 43. a5 Kc5 44. b6 axb6 45. axb6 Kxb6 46. Ke5 Kc5 0-1

[Event "Tenerife-chT Segunda"]
[Site "Tenerife"]
[Date "2015.05.16"]
[Round "12.1"]
[White "Afonso Carrillo, Ivan Alejandro"]
[Black "Perez Garcia, Saul"]
[Result "0-1"]
[WhiteElo "1426"]
[BlackElo "1467"]
[PlyCount "58"]
[EventDate "2015.01.24"]
[EventType "swiss"]
[EventRounds "13"]
[EventCountry "ESP"]
[SourceTitle "EXT 2024"]
[Source "ChessBase"]
[SourceDate "2023.10.10"]
[SourceVersion "1"]
[SourceVersionDate "2023.10.10"]
[SourceQuality "1"]
[WhiteTeam "Al Shah Mat Los Realejos II"]
[BlackTeam "Casa de Venezuela Escuela"]
[WhiteTeamCountry "ESP"]
[BlackTeamCountry "ESP"]

1. Nf3 c5 2. g3 b6 3. Bg2 Bb7 4. 0-0 Nf6 5. d3 d5 6. Nbd2 e6 7. c3 Be7 8. Re1 0-0 9. Qc2 Nc6 10. e4 Qc7 11. exd5 exd5 12. Nf1 Rad8 13. Bf4 Qc8 14. Ne3 d4 15. cxd4 Nxd4 16. Nxd4 Rxd4 17. Bxb7 Qxb7 18. Nf5 Rd7 19. Nxe7+ Rxe7 20. Bd6 Rxe1+ 21. Rxe1 Rd8 22. Qe2 Qd7 23. Qe7 Qxd6 24. Qxa7 g6 25. Re7 Nd7 26. Re3 Ne5 27. Qb7 Rd7 28. Qe4 Nc4 29. Qe8+ Kg7 0-1

[Event "Tenerife-chT Segunda"]
[Site "Tenerife"]
[Date "2015.02.07"]
[Round "3.1"]
[White "Afonso Carrillo, Ivan Alejandro"]
[Black "Chirinos Rodriguez, Jonathan Edu"]
[Result "0-1"]
[WhiteElo "1426"]
[BlackElo "1496"]
[PlyCount "34"]
[EventDate "2015.01.24"]
[EventType "swiss"]
[EventRounds "13"]
[EventCountry "ESP"]
[SourceTitle "EXT 2024"]
[Source "ChessBase"]
[SourceDate "2023.10.10"]
[SourceVersion "1"]
[SourceVersionDate "2023.10.10"]
[SourceQuality "1"]
[WhiteTeam "Al Shah Mat Los Realejos II"]
[BlackTeam "El Sauzal Libreria Barco III"]
[WhiteTeamCountry "ESP"]
[BlackTeamCountry "ESP"]

1. Nf3 Nf6 2. Nc3 d5 3. d4 Bg4 4. Ne5 Bf5 5. Bf4 e6 6. g3 c5 7. Bg2 Nc6 8. Nxc6 bxc6 9. 0-0 cxd4 10. Qxd4 Bxc2 11. Rac1 Bg6 12. Na4 Rc8 13. Qxa7 Bd6 14. Bxd6 Qxd6 15. Qa6 0-0 16. Nb6 Rb8 17. e3 c5 0-1

[Event "Tenerife-chT Segunda"]
[Site "Tenerife"]
[Date "2015.01.24"]
[Round "1.1"]
[White "Afonso Carrillo, Ivan Alejandro"]
[Black "Mendez Acosta, Alexander Jesus"]
[Result "0-1"]
[WhiteElo "1426"]
[BlackElo "1499"]
[PlyCount "80"]
[EventDate "2015.01.24"]
[EventType "swiss"]
[EventRounds "13"]
[EventCountry "ESP"]
[SourceTitle "EXT 2024"]
[Source "ChessBase"]
[SourceDate "2023.10.10"]
[SourceVersion "1"]
[SourceVersionDate "2023.10.10"]
[SourceQuality "1"]
[WhiteTeam "Al Shah Mat Los Realejos II"]
[BlackTeam "Al Shah Mat Los Realejos"]
[WhiteTeamCountry "ESP"]
[BlackTeamCountry "ESP"]

1. e4 c5 2. Nf3 Nc6 3. Bb5 g6 4. Bxc6 bxc6 5. c4 Bg7 6. 0-0 e6 7. d4 cxd4 8. e5 c5 9. Nbd2 Bb7 10. Qb3 Rb8 11. Qa3 Qc7 12. Re1 Ne7 13. Ne4 Bxe4 14. Rxe4 0-0 15. Bf4 Rfe8 16. b3 Nf5 17. Qc1 Qc6 18. Qc2 Rb6 19. Rae1 a5 20. Nd2 a4 21. R4e2 axb3 22. axb3 Ra8 23. Ne4 h6 24. h3 Ra3 25. Rb1 Rba6 26. Bc1 Ra1 27. f4 Kh8 28. b4 R6a2 29. Rb2 d3 30. Rxa2 dxc2 31. Rxa1 cxb4 32. c5 b3 33. Bb2 Qb5 34. Kf2 Qc4 35. Ree1 Nd4 36. Re3 Nc6 37. Nd2 Qxf4+ 38. Ke2 Nd4+ 39. Bxd4 Qxd4 40. Ra8+ Kh7 0-1

[Event "Santa Cruz de Tenerife op 25th"]
[Site "Santa Cruz de Tenerife"]
[Date "2014.12.23"]
[Round "7"]
[White "Afonso Carrillo, Ivan Alejandro"]
[Black "De Castro de Leon, Jorge"]
[Result "0-1"]
[WhiteElo "1426"]
[BlackElo "1684"]
[PlyCount "44"]
[EventDate "2014.12.15"]
[EventType "swiss"]
[EventRounds "9"]
[EventCountry "ESP"]
[SourceTitle "CBM 164 Extra"]
[Source "ChessBase"]
[SourceDate "2015.03.02"]
[SourceVersion "1"]
[SourceVersionDate "2015.03.02"]
[SourceQuality "1"]

1. e4 c5 2. g3 d6 3. Bh3 Bxh3 4. Nxh3 Qd7 5. g4 h5 6. Rg1 hxg4 7. Nf4 Nf6 8. Nc3 Nc6 9. Rg2 Nd4 10. Nfd5 Rxh2 11. Nxf6+ gxf6 12. Rxh2 Nf3+ 13. Ke2 Nxh2 14. Qh1 Nf3 15. d3 f5 16. Qh7 fxe4 17. Qxe4 0-0-0 18. Be3 Bg7 19. Nd5 e6 20. Nf4 d5 21. Qh7 Bxb2 22. Rb1 Rh8 0-1

[Event "Santa Cruz de Tenerife op 25th"]
[Site "Santa Cruz de Tenerife"]
[Date "2014.12.17"]
[Round "3"]
[White "Afonso Carrillo, Ivan Alejandro"]
[Black "Rodriguez Redondo, Ethan"]
[Result "0-1"]
[WhiteElo "1426"]
[BlackElo "1755"]
[PlyCount "46"]
[EventDate "2014.12.15"]
[EventType "swiss"]
[EventRounds "9"]
[EventCountry "ESP"]
[SourceTitle "CBM 164 Extra"]
[Source "ChessBase"]
[SourceDate "2015.03.02"]
[SourceVersion "1"]
[SourceVersionDate "2015.03.02"]
[SourceQuality "1"]

1. Nf3 e6 2. e3 c5 3. c4 Nf6 4. Nc3 b6 5. Be2 Bb7 6. d4 cxd4 7. exd4 d5 8. Bg5 Be7 9. 0-0 0-0 10. Re1 Nbd7 11. Qb3 dxc4 12. Qxc4 Rc8 13. Qa4 a6 14. Rad1 b5 15. Qb3 b4 16. Rb1 Bxf3 17. Bxf3 bxc3 18. bxc3 Rb8 19. Qc4 a5 20. Bb7 Nd5 21. Bc1 Bd6 22. Qa6 Qc7 23. c4 Nb4 0-1

[Event "Santa Cruz de Tenerife Autumn op"]
[Site "Santa Cruz de Tenerife"]
[Date "2014.10.27"]
[Round "1"]
[White "Afonso Carrillo, Ivan Alejandro"]
[Black "Lopez Pereyra, Antonio"]
[Result "0-1"]
[WhiteElo "1449"]
[BlackElo "2108"]
[PlyCount "40"]
[EventDate "2014.10.27"]
[EventType "swiss"]
[EventRounds "9"]
[EventCountry "ESP"]
[SourceTitle "CBM 163 Extra"]
[Source "ChessBase"]
[SourceDate "2014.12.23"]
[SourceVersion "1"]
[SourceVersionDate "2014.12.23"]
[SourceQuality "1"]

1. e4 c5 2. Nc3 Nc6 3. f4 g6 4. Nf3 Bg7 5. e5 Nh6 6. Bc4 0-0 7. 0-0 a6 8. a4 Rb8 9. Qe1 Nb4 10. Qe4 d6 11. d4 Bf5 12. Qe2 Nxc2 13. Ra2 Nxd4 14. Nxd4 cxd4 15. Nd5 e6 16. Nb4 Qb6 17. Nd3 Rfc8 18. a5 Qc6 19. Bb3 Qb5 20. Bc2 Rxc2 0-1